<?xml version="1.0" encoding="UTF-8"?>
<record
    xmlns:xsi="http://www.w3.org/2001/XMLSchema-instance"
    xsi:schemaLocation="http://www.loc.gov/MARC21/slim http://www.loc.gov/standards/marcxml/schema/MARC21slim.xsd"
    xmlns="http://www.loc.gov/MARC21/slim">

  <leader>01954    a2200217   4500</leader>
  <controlfield tag="001">16009</controlfield>
  <controlfield tag="005">20260407155453.0</controlfield>
  <controlfield tag="008">260407a1986    arg                 spa d</controlfield>
  <controlfield tag="003">AR-UNSa-BCEJYS</controlfield>
  <datafield tag="040" ind1=" " ind2=" ">
    <subfield code="a">AR-UNSa-BCEJYS</subfield>
    <subfield code="b">spa</subfield>
    <subfield code="c">AR-UNSa-BCEJYS</subfield>
  </datafield>
  <datafield tag="080" ind1=" " ind2=" ">
    <subfield code="a">342</subfield>
    <subfield code="x">Derecho constitucional (Derecho P&#xFA;blico)</subfield>
  </datafield>
  <datafield tag="245" ind1="1" ind2="0">
    <subfield code="a">Derecho constitucional</subfield>
  </datafield>
  <datafield tag="020" ind1=" " ind2=" ">
    <subfield code="a">950-43-0551-2</subfield>
  </datafield>
  <datafield tag="250" ind1=" " ind2=" ">
    <subfield code="a">3a. ed.</subfield>
  </datafield>
  <datafield tag="264" ind1=" " ind2="1">
    <subfield code="a">Buenos Aires :</subfield>
    <subfield code="b">Ediciones Depalma</subfield>
    <subfield code="c">1986</subfield>
  </datafield>
  <datafield tag="300" ind1=" " ind2=" ">
    <subfield code="a">xxxii, 829 p.</subfield>
    <subfield code="c">23 cm.</subfield>
  </datafield>
  <datafield tag="505" ind1=" " ind2=" ">
    <subfield code="a">1. La Constituci&#xF3;n - 2. Antecedentes de la Constituci&#xF3;n Argentina - 3. Nombres de la Naci&#xF3;n - 4. El Pre&#xE1;mbulo - 5. Formas de estado y formas de gobierno - 6. Provincias y territorios - 7. La capital de la rep&#xFA;blica - 8. Relaciones internacionales - 9. Relaciones de la Iglesia con el estado - 10. Supremacia de la constituci&#xF3;n - 11. La nacionalidad - 12. Los extranjeros - 13. Derechos de las personas - 14. Derecho de las personas. La libertad - 15. Derechos de las personas. La igualdad - 16. Derechos civiles - 17. Los derechos sociales. Concepto - 18. Derechos de familia - 19. Derechos de la educaci&#xF3;n y la cultura - 20. Derechos de la profesi&#xF3;n y de la seguridad social - 21. Derechos pol&#xED;ticos - 22. Defensa de la Patria y la Constituci&#xF3;n - 23. Garant&#xED;a de derechos - 24. Restricci&#xF3;n de derechos. Estado de sitio - 25. Organizaci&#xF3;n econ&#xF3;mica. Principios fundamentales - 26. Organizaci&#xF3;n econ&#xF3;mica. La propiedad - 27. Organizaci&#xF3;n econ&#xF3;mica. Regulaci&#xF3;n estatal - 28. Organizaci&#xF3;n econ&#xF3;mica. El estado empresario - 29. Organizaci&#xF3;n econ&#xF3;mica. R&#xE9;gimen bancario y de la moneda - 30. Divisi&#xF3;n de poderes - 31. Poder Legislativo - 32. Juicio Pol&#xED;tico - 33. Formaci&#xF3;n de las Leyes - 34. Atribuciones del congreso - 35. Poder Ejecutivo. Organizaci&#xF3;n - 36. Atribuciones del Poder Ejecutivo - 37. El ministerio - 38. Poder Judicial</subfield>
  </datafield>
  <datafield tag="942" ind1=" " ind2=" ">
    <subfield code="c">BK</subfield>
  </datafield>
  <datafield tag="590" ind1=" " ind2=" ">
    <subfield code="a">niveau_biblio:m niveau_hierar:0</subfield>
  </datafield>
  <datafield tag="100" ind1="1" ind2=" ">
    <subfield code="a">Ramella, Pablo A.</subfield>
  </datafield>
  <datafield tag="999" ind1=" " ind2=" ">
    <subfield code="c">681</subfield>
    <subfield code="d">681</subfield>
  </datafield>
  <datafield tag="952" ind1=" " ind2=" ">
    <subfield code="0">0</subfield>
    <subfield code="1">0</subfield>
    <subfield code="4">0</subfield>
    <subfield code="7">0</subfield>
    <subfield code="a">BCEJYS</subfield>
    <subfield code="b">BCEJYS</subfield>
    <subfield code="c">16</subfield>
    <subfield code="d">2026-04-07</subfield>
    <subfield code="l">0</subfield>
    <subfield code="o">342 R172 3ed.</subfield>
    <subfield code="p">L70172</subfield>
    <subfield code="r">2026-04-07 15:54:53</subfield>
    <subfield code="w">2026-04-07</subfield>
    <subfield code="y">L</subfield>
  </datafield>
  <datafield tag="952" ind1=" " ind2=" ">
    <subfield code="0">0</subfield>
    <subfield code="1">0</subfield>
    <subfield code="4">0</subfield>
    <subfield code="7">0</subfield>
    <subfield code="a">BCEJYS</subfield>
    <subfield code="b">BCEJYS</subfield>
    <subfield code="c">16</subfield>
    <subfield code="d">2026-04-07</subfield>
    <subfield code="l">0</subfield>
    <subfield code="o">342 R172 3ed.</subfield>
    <subfield code="p">L85254</subfield>
    <subfield code="r">2026-04-07 15:54:53</subfield>
    <subfield code="w">2026-04-07</subfield>
    <subfield code="y">L</subfield>
  </datafield>
  <datafield tag="952" ind1=" " ind2=" ">
    <subfield code="0">0</subfield>
    <subfield code="1">0</subfield>
    <subfield code="4">0</subfield>
    <subfield code="7">0</subfield>
    <subfield code="a">BCEJYS</subfield>
    <subfield code="b">BCEJYS</subfield>
    <subfield code="c">16</subfield>
    <subfield code="d">2026-04-07</subfield>
    <subfield code="l">0</subfield>
    <subfield code="o">342 R172 3ed.</subfield>
    <subfield code="p">L85255</subfield>
    <subfield code="r">2026-04-07 15:54:53</subfield>
    <subfield code="w">2026-04-07</subfield>
    <subfield code="y">L</subfield>
  </datafield>
  <datafield tag="952" ind1=" " ind2=" ">
    <subfield code="0">0</subfield>
    <subfield code="1">0</subfield>
    <subfield code="4">0</subfield>
    <subfield code="7">0</subfield>
    <subfield code="a">BCEJYS</subfield>
    <subfield code="b">BCEJYS</subfield>
    <subfield code="c">16</subfield>
    <subfield code="d">2026-04-07</subfield>
    <subfield code="l">0</subfield>
    <subfield code="o">342 R172 3ed.</subfield>
    <subfield code="p">L85253</subfield>
    <subfield code="r">2026-04-07 15:54:53</subfield>
    <subfield code="w">2026-04-07</subfield>
    <subfield code="y">L</subfield>
  </datafield>
  <datafield tag="952" ind1=" " ind2=" ">
    <subfield code="0">0</subfield>
    <subfield code="1">0</subfield>
    <subfield code="4">0</subfield>
    <subfield code="7">0</subfield>
    <subfield code="a">BCEJYS</subfield>
    <subfield code="b">BCEJYS</subfield>
    <subfield code="c">16</subfield>
    <subfield code="d">2026-04-07</subfield>
    <subfield code="l">0</subfield>
    <subfield code="o">342 R172 3ed.</subfield>
    <subfield code="p">L70174</subfield>
    <subfield code="r">2026-04-07 15:54:53</subfield>
    <subfield code="w">2026-04-07</subfield>
    <subfield code="y">L</subfield>
  </datafield>
  <datafield tag="952" ind1=" " ind2=" ">
    <subfield code="0">0</subfield>
    <subfield code="1">0</subfield>
    <subfield code="4">0</subfield>
    <subfield code="7">0</subfield>
    <subfield code="a">BCEJYS</subfield>
    <subfield code="b">BCEJYS</subfield>
    <subfield code="c">16</subfield>
    <subfield code="d">2026-04-07</subfield>
    <subfield code="l">0</subfield>
    <subfield code="o">342 R172 3ed.</subfield>
    <subfield code="p">L70173</subfield>
    <subfield code="r">2026-04-07 15:54:53</subfield>
    <subfield code="w">2026-04-07</subfield>
    <subfield code="y">L</subfield>
  </datafield>
</record>
